| 000 | 00956nam a2200253 a 4500 | ||
|---|---|---|---|
| 003 | CBULib | ||
| 005 | 20240819101015.0 | ||
| 008 | 210527s2018 ||||||||||||||||| || u | ||
| 020 | _a9789211171860 | ||
| 040 |
_aCBULib _bEnglish _cCBULib _dCBULIB _erda |
||
| 050 | _aUNECE(02)2018/15 | ||
| 110 | _aUnited Nations Economic Commission for Europe (UNECE) | ||
| 245 | 1 | 0 |
_aGuidelines on the use of statistical business registers for business demography and entrepreneurship statistics _cBy United Nations Economic Commission for Europe(UNECE) |
| 260 |
_aGeneva _bUNITED NATIONS _c2018 |
||
| 300 | _aix, 150 pages : illustrations | ||
| 336 |
_aText | _2rdacontent _btxt |
||
| 336 |
_aText | _2rdacontent _btxt |
||
| 337 |
_aUnmediated | _2rdamedia _bc |
||
| 338 |
_aVolume _2rdacarrier _bnc |
||
| 650 | 0 |
_aCOMMERCIAL STATISTICS _93345 |
|
| 650 | 0 |
_aBUSINESS--RESEARCH _93346 |
|
| 942 |
_2mc _c029 |
||
| 999 |
_c45188 _d45188 |
||